US cities by aerial view #2 - Statistics

General Stats
  • This quiz has been taken 33 times
    26 since last reset
  • The average score is 4 of 12
Answer Stats
Picture Answer % Correct
San Francisco
77%
Miami
68%
Detroit
55%
Memphis
50%
Austin
41%
Denver
41%
Atlanta
32%
San Diego
27%
Phoenix
23%
Orlando
18%
Portland
14%
New Jersey
0%
No matching quizzes found
Score Distribution
Percent of People with Each Score
Percentile by Number Answered
Your Score History
You have not taken this quiz since the last reset